000 00651nam a22002297a 4500
005 20170124110011.0
010 _a735344
020 _c00.00
035 _a735344
037 _bCen Lib/Ret
040 _aDPL
_bEN
082 _a370.190954
_bMEH
100 _aMehta, Sushila
_917727
245 _aSchool and the community in India :
_cby Sushila Mehta
260 _aNew Delhi
_bS. Chand & co
_c1974
270 _bNew Delhi
_a4/16-B, Asaf ali road
300 _aix, 250p.
_c21cm(Hb)
500 _aIncludes index
650 _aEducation
_91169
650 _aCommunity education
_917728
942 _2ddc
_cEN
_h370.190954
_mMEH
999 _c126514
_d126514